000 00867cam a2200265 a 4500
001 000015516
005 20200929164047.0
008 920814s1989 cu a 000 0 spa d
035 _a(DLC) 92200381
035 _a(OCoLC)29439226
035 _a(NOTISUF)AJR8178
040 _aDO-SdBNP
_bspa
_cBNPHU
_dDLC
082 _a305.235
_bR252a
100 1 _aRavelo García, Aloyma.
_935045
245 1 0 _aDel amor, hablemos francamente /
_cAloyma Ravelo García ; edicción María Teresa Arrieta.
260 _aCiudad de La Habana :
_bGente Nueva,
_c1989.
300 _a281 p. :
_bil. ;
_c20 cm.
650 4 _aAdolescentes
_933178
650 4 _aEducación sexual para jóvenes
_9908
650 4 _aIntimidad (psicología)
_935046
650 4 _aJuventud
_922059
700 1 _aArrieta, María Teresa,
_eed.
_935047
910 _aCatalogación por copia / LC
049 _aBNGR
999 _c15072
_d15072